000 00967 a2200241 4500
001 24526
005 20260407155529.0
008 260407a2000 arg spa d
003 AR-UNSa-BCEJYS
040 _aAR-UNSa-BCEJYS
_bspa
_cAR-UNSa-BCEJYS
080 _a342
_xDerecho constitucional (Derecho Público)
245 1 0 _aTratado de derecho constitucional
_pConstitución de la Nación Argentina, comentada, y anotada con legislación, jurisprudencia y doctrina
020 _a978-950-14-0679-5
250 _a2a. ed
264 1 _aBuenos Aires :
_bDepalma
_c2000
300 _a5 v.
_c23 cm.
505 _aVol. I : Arts. 1 a 14 - Vol II. : Arts. 14 bis a 27 - Vol. III : Arts. 28 a 41 - Vol IV : Arts. 42 a 86 - Vol. V : Arts. 87 a 129, epílogo.
041 _aspa
942 _cBK
590 _aniveau_biblio:m niveau_hierar:0
100 1 _aEkmekdjian, Miguel Ángel
856 4 1 _uhttps://170.210.207.44/pmb/images/libros/L87935.jpg
_yImagen de portada
_qimage/jpeg
999 _c1197
_d1197